| 000 | 00472nam a22001697a 4500 | ||
|---|---|---|---|
| 005 | 20240719103015.0 | ||
| 008 | 240719b |||||||| |||| 00| 0 eng d | ||
| 020 | _a9780136603900 | ||
| 082 |
_a005.265 _bIRV-A |
||
| 100 | _aIrrvine, Kip R. | ||
| 245 |
_aAssembly Language for Intel-Based Computers / _cKip r.irrvine |
||
| 260 |
_aindia: _bpearson; _c1998. |
||
| 300 |
_axiv, 678 p. : _bill; _c24 cm. |
||
| 500 | _ainclude index. | ||
| 650 | _aprogramming | ||
| 999 |
_c36148 _d36148 |
||